Kamus : Arab-Melayu

Bibliographic Details
Format: Book
Published: Kuala Lumpur : Darul Nu'man , 1998
Subjects:

MARC

LEADER 00000cam a2200000 7i4500
001 0000050571
005 20150713.0
008 150713
020 |a 9789830460505 
020 |a 9830460509 
090 0 0 |a R492.73   |b KAM 
245 1 0 |a Kamus :   |b Arab-Melayu 
260 |a Kuala Lumpur :   |b Darul Nu'man ,   |c 1998 
650 0 |a Arabic language   |x Dictionaries   |x Polyglof 
650 0 |a Malay language   |x Dictionaries   |x Polyglof 
999 |a 0000893293   |b Book   |c Adult Collection   |e Cawangan Segamat 
999 |a 0000922998   |b Book   |c Adult Collection   |e Cawangan Bukit Gambir